Ligero bosquejo de la actual situación en Méjico : (Record no. 157743)

MARC details
000 -LEADER
campo de control de longitud fija 00699nam a2200157 i 4500
001 - NÚMERO DE CONTROL
campo de control 157743
003 - IDENTIFICADOR DE NÚMERO DE CONTROL
campo de control ES-MaACL
005 - FECHA Y HORA DE LA ÚLTIMA TRANSACCIÓN
campo de control 20230906210831.0
008 - DATOS DE LONGITUD FIJA--INFORMACIÓN GENERAL
campo de control de longitud fija 931025s1862 sp |||| | spa d
080 ## - NÚMERO DE LA CLASIFICACIÓN DECIMAL UNIVERSAL
Número de la Clasificación Decimal Universal 94(72)"1861/67"
245 00 - MENCIÓN DEL TÍTULO
Título Ligero bosquejo de la actual situación en Méjico :
Resto del título artículo publicado por "El Veracruzano" en sus números correspondientes a los días 7 y 10 de octubre último.
260 ## - PUBLICACIÓN, DISTRIBUCIÓN, ETC.
Lugar de publicación, distribución, etc. Madrid :
Nombre del editor, distribuidor, etc. [s.n.],
Fecha de publicación, distribución, etc. 1862 (
Fabricante Imp. a cargo de Antonio Pérez Dubrull)
300 ## - DESCRIPCIÓN FÍSICA
Extensión 49 p. ;
Dimensiones 22 cm.
651 #4 - PUNTO DE ACCESO ADICIONAL DE MATERIA--NOMBRE GEOGRÁFICO
Nombre geográfico México-
Subdivisión general Historia-
Subdivisión cronológica 1861-1867, Intervención europea.
9 (RLIN) 146885
852 4# - LOCALIZACIÓN
Ubicación ES-MaACL
Número de control de estantería T-140-F-3
Nota libre - Enc. hol., falto de enc. original
-- - Enc. en un vol. facticio
Holdings
Estatus retirado Estado de pérdida Estado de daño No para préstamo Colección Biblioteca de origen Biblioteca actual Ubicación en estantería Fecha de adquisición Total de préstamos Signatura topográfica completa Código de barras Visto por última vez Precio de reemplazo Tipo de ítem Koha
        Colección de folletos Biblioteca del Ateneo de Madrid Biblioteca del Ateneo de Madrid Depósito folletos 17/01/2008   T-140-F-3 1165076 23/02/2023 23/02/2023 Folleto